Síntesis de la historia argentina /

Guardado en:
Autor Principal: Ibañez, José Cosmelli
Formato: Libro
Publicado: Argentina : Troquel, 1971
Edición:4
Materias:
Etiquetas: Agregar Etiqueta
Sin Etiquetas, Sea el primero en etiquetar este registro!
LEADER 00585nam a22001935a 4500
001 CEM.cems003367
005 19000101000000.0
008 130507s1971##################000#0#####d
003 CEMS
082 0 4 |a 982 
100 1 |a Ibañez, José Cosmelli 
245 1 0 |a Síntesis de la historia argentina /  |c José Cosmelli Ibañez 
250 |a 4 
260 |a Argentina :  |b Troquel,  |c 1971 
300 |a 248 p. 
653 |a Historia 
653 |a Historia argentina 
859 |a CEMS  |b BIB. CEMS - 11 de abril  |h 982  |i Ib1-4a4  |p 12105.83  |t Ej.2 
859 |a CEMS  |b BIB. CEMS - 11 de abril  |h 982  |i Ib1-4a4  |p 8781.81  |t Ej.1